000 01054nam a22003377a 4500
001 BR2014007695
003 BR-BrBNA
005 20230928104555.0
007 ta
008 230509b bl.||||| |||| 00| 0 por d
040 _aBR-BrBNA
_bpor
_cBiblioteca Nacional de Agricultura
041 _a(Por)
072 _aF30; Q04
_b0395
090 _ 0395 BR2014007695
100 1 _aMagalhães, H.M.
110 1 _aUniversidade Federal de Lavras, MG (Brasil)
_0Tese (Doutorado)
245 1 _aDiversidade genética, caracterização nutricional e conteúdo de DNA de diferentes tecidos de Butia capitata
260 3 _aLavras, MG (Brasil):
_c2014.
300 _a130 p.
500 _aSummaries (Eng, Por); Several bibliography; 8 illus.; 15 tables
650 _aBUTIA
650 _aPLANTA OLEAGINOSA
650 _aVARIAÇÃO GENÉTICA
650 _aDNA
650 _aTECIDO VEGETAL
650 _aMARCADOR MOLECULAR
650 _aVALOR NUTRITIVO
650 _aPROPRIEDADE FÍSICO-QUÍMICA
909 _a202309
_bLucia
_c55
_dLucia Elande
942 _cBK
999 _c80643
_d80643